Central Library OPAC University of Rajshahi

The agricultural crisis / (Record no. 10354)

MARC details
000 -LEADER
fixed length control field 00920nam a22002892a 4500
001 - CONTROL NUMBER
control field 10354
003 - CONTROL NUMBER IDENTIFIER
rucl marc code BD RJUL
005 - DATE AND TIME OF LATEST TRANSACTION
control field 20211208234935.0
008 - FIXED-LENGTH DATA ELEMENTS--GENERAL INFORMATION
fixed length control field 230114s1931 sz a i000 0 eng d
035 ## - SYSTEM CONTROL NUMBER
System control number BD RJUL
040 ## - CATALOGING SOURCE
Original cataloging agency CSJ
Transcribing agency CSJ
Modifying agency BD RJUL
Language of cataloging eng
041 ## - LANGUAGE CODE
Language code of text/sound track or separate title eng
082 ## - DEWEY DECIMAL CLASSIFICATION NUMBER
Classification number 338.15
Author mark and year AGR 1931
090 ## - LOCALLY ASSIGNED LC-TYPE CALL NUMBER (OCLC); LOCAL CALL NUMBER (OCLC)
Classification number (OCLC) (R) ; Classification number, CALL (RLIN) (NR) HD1411
Local cutter number (OCLC) ; Book number/undivided call number, CALL (RLIN) .L4 1931
110 2# - MAIN ENTRY--CORPORATE NAME
Corporate name or jurisdiction name as entry element League of Nations.
Subordinate unit Economic Committee.
9 (RLIN) 31996
245 14 - TITLE STATEMENT
Title The agricultural crisis /
260 ## - PUBLICATION, DISTRIBUTION, ETC. (IMPRINT)
Place of publication, distribution, etc. Geneva,
Date of publication, distribution, etc. 1931.
300 ## - PHYSICAL DESCRIPTION
Pagination 1 v. 322 p.:
Illustrations tables, diagrs.
Size 26 cm
490 1# - SERIES STATEMENT
Series statement League of Nations publications. II, Economic and financial ;
Volume/sequential designation 1931. II. B.12
500 ## - GENERAL NOTE
General note Official no.: C.239.M.105.1931. II. B.
General note Errata slip to v. 1 laid in
650 #0 - SUBJECT ADDED ENTRY--TOPICAL TERM
Topical term or geographic name as entry element Agriculture
General subdivision Economic aspects
9 (RLIN) 31997
710 2# - ADDED ENTRY--CORPORATE NAME
Corporate name or jurisdiction name as entry element League of Nations.
9 (RLIN) 31999
830 #0 - SERIES ADDED ENTRY--UNIFORM TITLE
Volume number/sequential designation 1931. II. B.12
830 #0 - SERIES ADDED ENTRY--UNIFORM TITLE
Uniform title League of Nations publications.
942 ## - ADDED ENTRY ELEMENTS (KOHA)
Source of classification or shelving scheme Dewey Decimal Classification
Koha item type Books
Holdings
Lost status Source of classification or shelving scheme Damaged status Not for loan Collection code Permanent Location Current Location Shelving location Date acquired Source of acquisition Cost, normal purchase price Total Checkouts Full call number Date last seen Copy number Koha item type
  Dewey Decimal Classification   Not For Loan Non-fiction Central Library, University of Rajshahi Central Library, University of Rajshahi Reading Room 23/02/1965 Zeitlinger 0.00   338.15 AGR 1931 23/01/2014 C-1 Books